00833nam a22002177a 450000100060000000300080000600500170001400800410003102000160007203500190008804000270010704100080013408200250014210000650016724501140023226000920034630000640043865000430050265000180054570000520056348399BD-RjUL20211209054522.0160813s1989 bg ||||| |||| 00| 0 ben d c: TK 30.00  a(BD-RjUL)48518 aBD-RjULbben cBD-RjUL aben 223 a871 bKAB 1989  aকার্দেনাল, এর্নেস্তো 10aবিপ্লব ও ভালবাসা / cএর্নেস্তো কার্দেনাল  aঢাকা :bসাহিত্যসমবায়, c১৯৮৯ [১৩৯৬]  a৪৭ পৃ. :bচিত্র ; c২১ সেমি.  aল্যাটিন কবিতা  aLatin Poetry  aহক, মফিদুল, অনুবাদ